Obras completas de Alejo Carpentier II: el reino de este mundo y los pasos perdidos
Wedi'i Gadw mewn:
| Prif Awdur: | |
|---|---|
| Fformat: | Llyfr |
| Iaith: | Undetermined |
| Cyhoeddwyd: |
México, Distrito Federal
Siglo veintiuno editores
1983
|
| Rhifyn: | 2 |
| Pynciau: | |
| Tagiau: |
Ychwanegu Tag
Dim Tagiau, Byddwch y cyntaf i dagio'r cofnod hwn!
|
MARC
| LEADER | 00000nam a2200000Ia 4500 | ||
|---|---|---|---|
| 008 | 170316s9999 xx 000 0 und d | ||
| 040 | |a cru BVZT | ||
| 090 | |a 860 C-17o v.2 | ||
| 100 | |a Carpentier, Alejo | ||
| 245 | |a Obras completas de Alejo Carpentier II: el reino de este mundo y los pasos perdidos | ||
| 250 | |a 2 | ||
| 260 | |a México, Distrito Federal | ||
| 260 | |b Siglo veintiuno editores | ||
| 260 | |c 1983 | ||
| 300 | |a 416 páginas | ||
| 650 | |a LITERATURA LATINOAMERICANA | ||
| 999 | |c 8492 |d 8492 | ||
| 942 | |c 15 D |h 860 C-17o v.2 |2 z | ||
